000 02838cam a2200637 i 4500
001 on1099539449
003 OCoLC
005 20210125113344.0
008 190416t20192019enka b 001 0 eng
010 _a 2019018388
040 _aDLC
_beng
_erda
_cDLC
_dOCLCO
_dOCLCF
_dUKMGB
_dOCL
_dYDX
_dRCJ
_dGUL
_dOCLCA
_dNLVRD
015 _aGBB9H9562
_2bnb
016 7 _a019600085
_2Uk
020 _a9781108481274
_qhardcover
_qalkaline paper
020 _a1108481272
_qhardcover
_qalkaline paper
020 _z9781108661843
_qelectronic book
029 1 _aUKMGB
_b019600085
035 _a(OCoLC)1099539449
042 _apcc
043 _ae------
050 0 0 _aKJE3666
_b.G47 2019
082 0 0 _a347.4/012
_223
049 _aTZAA
100 1 _aGestel, Rob van,
_eauthor.
245 1 0 _aIn the court we trust :
_bcooperation, coordination and collaboration between the ECJ and supreme administrative courts /
_cRob van Gestel, Jurgen de Poorter.
246 3 _aCooperation, coordination and collaboration between the European Court of Justice and supreme administrative courts
264 1 _aCambridge, United Kingdom :
_aNew York, NY :
_bCambridge University Press,
_c2019.
264 4 _c�2019
300 _axvii, 240 pages :
_billustrations ;
_c24 cm.
336 _atext
_btxt
_2rdacontent
337 _aunmediated
_bn
_2rdamedia
338 _avolume
_bnc
_2rdacarrier
490 1 _aCambridge studies in european law and policy
504 _aIncludes bibliographical references and index.
505 0 _aWhy don't we talk? -- Dialogue as a concept -- Case law analysis -- Results from the interviews -- Trust and dialogue -- Conclusion and future scenarios.
610 2 0 _aCourt of Justice (Court of Justice of the European Union)
650 0 _aCourts
_zEuropean Union countries.
_93495
650 0 _aJurisdiction
_zEuropean Union countries.
650 0 _aAdministrative courts
_zEuropean Union countries.
650 0 _aInternational and municipal law
_zEuropean Union countries.
_99867
610 2 7 _aCourt of Justice (Court of Justice of the European Union)
_2fast
_0(OCoLC)fst01974169
650 7 _aAdministrative courts.
_2fast
_0(OCoLC)fst00796828
650 7 _aCourts.
_2fast
_0(OCoLC)fst00881747
650 7 _aInternational and municipal law.
_2fast
_0(OCoLC)fst00976759
650 7 _aJurisdiction.
_2fast
_0(OCoLC)fst00985026
651 7 _aEuropean Union countries.
_2fast
_0(OCoLC)fst01269470
650 7 _aEuropean Union.
_2pplt
650 7 _aCourt of Justice of the European Union.
_2pplt
650 7 _aSupreme court.
_2pplt
650 7 _aAdministrative court.
_2pplt
650 7 _aJudicial dialogue.
_2pplt
700 1 _aPoorter, J. C. A. de
_q(Jurgen Constantinus Abraham),
_d1974-
_eauthor.
776 0 8 _iebook version :
_z9781108661843
830 0 _aCambridge studies in European law and policy.
994 _aC0
_bTZACH
999 _c6227
_d6227